|
|
|
|
| LEADER |
01007nam a22002892a 4500 |
| 001 |
001129328 |
| 003 |
CZ BrMZK |
| 005 |
20140318103405.0 |
| 007 |
ta |
| 008 |
101123s1981 xo a er|||||||||||slo d |
| 040 |
|
|
|a BOA001
|b cze
|
| 041 |
1 |
|
|a slo
|h cze
|
| 080 |
9 |
|
|a 885-311.6-93=854
|
| 080 |
9 |
|
|a 973"17/18"(02.053.2)
|
| 100 |
1 |
|
|a Velkoborský, Fráňa,
|d 1900-1958
|7 jk01142014
|4 aut
|
| 245 |
1 |
0 |
|a Jabloňový chodník /
|c Fráňa Velkoborský ; z českého originála ... preložil Gabriel Rapoš ; ilustroval Peter Ondreička
|
| 250 |
|
|
|a 1. vyd.
|
| 260 |
|
|
|a Bratislava :
|b Mladé letá,
|c 1981
|
| 300 |
|
|
|a 198 s. :
|b il.
|
| 521 |
8 |
|
|a Pro čtenáře od 11 let
|
| 700 |
1 |
|
|a Rapoš, Gabriel,
|d 1917-1994
|7 ola2002153023
|4 trl
|
| 700 |
1 |
|
|a Ondreička, Peter,
|d 1947-1990
|7 mzk2004228204
|4 ill
|
| 765 |
0 |
|
|t Jabloňová stezka
|9 Slovensky
|
| 910 |
|
|
|a BOA001
|b 2-0835.451
|
| 990 |
|
|
|a BK
|
| 991 |
|
|
|b 201011
|
| 996 |
7 |
|
|b 2619396759
|c 2-0835.451
|l MZK
|r Sklad / do 1 hodiny
|n 0
|w 001158378
|u 000010
|a 1
|e BOA001
|j MZK50
|s A
|